000 00522cam a22001934a 4500
005 20250605164245.0
008 250528s ||||||||||||||||||||||||d
035 _a21482
040 _aGR-AtMCL
_bgre
_dGR-AtMCL
_eAACR2
245 1 _aΓΕΝΙΚΑ ΜΑΘΗΜΑΤΙΚΑ ΤΕΥΧΟΣ Α
250 _a1
260 _bΚαραμπεροπουλος,
_c1984
300 _a327
700 1 _aΠαπαμιχαηλ Δ
_92505
700 1 _aΤαμπουρατζη Δ
_97503
942 _cBK
999 _c6544
_d6544